000 00415nam a2200169Ia 4500
008 230524s9999 xx 000 0 und d
082 _a5.133
_bKRU
100 _aDavid J.Kruglinski
245 0 _aProgramming Microsoft Visual C++
250 _a5H
260 _aNEW DELHI
_bWorld Press
_c1981
300 _aXIX;1125
500 _aQuantity Number: 2
650 _aComp-Sc
700 _a G.Shepherd
942 _cBK
999 _c31946
_d31946